[Event "FIN-chT1A 1718"]
[Site "Finland"]
[Date "2017.12.03"]
[Round "5.6"]
[White "Vantsi, Timo"]
[Black "Satonen, Arto"]
[Result "1/2-1/2"]
[WhiteElo "2055"]
[BlackElo "2039"]
[PlyCount "30"]
[EventDate "2017.09.16"]
[EventType "team-tourn"]
[EventRounds "7"]
[EventCountry "FIN"]
[SourceTitle "EXT 2020"]
[Source "ChessBase"]
[SourceDate "2019.10.17"]
[SourceVersion "1"]
[SourceVersionDate "2019.10.17"]
[SourceQuality "1"]
[WhiteTeam "Turku TuTS II"]
[BlackTeam "Sastamala VammSK"]
[WhiteTeamCountry "FIN"]
[BlackTeamCountry "FIN"]

1. d4 d5 2. c4 e6 3. Nc3 c5 4. cxd5 exd5 5. Nf3 Nc6 6. dxc5 d4 7. Na4 Bxc5 8. Nxc5 Qa5+ 9. Bd2 Qxc5 10. e3 Nf6 11. exd4 Nxd4 12. Nxd4 Qxd4 13. Bb5+ Bd7 14. Qe2+ Qe4 15. 0-0 0-0 1/2-1/2

[Event "FIN-chT1A 1718"]
[Site "Finland"]
[Date "2017.09.17"]
[Round "2.5"]
[White "Toikkanen, Vesa"]
[Black "Vantsi, Timo"]
[Result "1-0"]
[WhiteElo "2099"]
[BlackElo "2055"]
[PlyCount "83"]
[EventDate "2017.09.16"]
[EventType "team-tourn"]
[EventRounds "7"]
[EventCountry "FIN"]
[SourceTitle "EXT 2020"]
[Source "ChessBase"]
[SourceDate "2019.10.17"]
[SourceVersion "1"]
[SourceVersionDate "2019.10.17"]
[SourceQuality "1"]
[WhiteTeam "Espoo MatSK II"]
[BlackTeam "Turku TuTS II"]
[WhiteTeamCountry "FIN"]
[BlackTeamCountry "FIN"]

1. d4 Nf6 2. c4 g6 3. Nc3 Bg7 4. e4 d6 5. f3 0-0 6. Be3 Nc6 7. Nge2 a6 8. Qd2 Rb8 9. Nc1 e5 10. d5 Nd4 11. Nb3 c5 12. dxc6 bxc6 13. Nxd4 exd4 14. Bxd4 d5 15. cxd5 cxd5 16. e5 Re8 17. Be2 Nd7 18. f4 f6 19. exf6 Nxf6 20. 0-0-0 Qa5 21. Be5 Bf5 22. Bxb8 Rxb8 23. g4 Nxg4 24. Bxg4 Bxg4 25. Qxd5+ Qxd5 26. Rxd5 Bf3 27. Rhd1 Bxd1 28. Rxd1 Rc8 29. Kc2 Rc6 30. Rf1 h5 31. Kd3 Kf7 32. Rf2 Ke6 33. Rg2 Kf5 34. Nd5 Bf6 35. b4 Bd8 36. a4 Rd6 37. Kc4 Rc6+ 38. Kd4 Bf6+ 39. Nxf6 Rxf6 40. b5 axb5 41. axb5 Re6 42. Kd5 1-0

[Event "FIN-chT1A 1617"]
[Site "Finland"]
[Date "2017.01.14"]
[Round "5.7"]
[White "Mustelin, Juhani"]
[Black "Vantsi, Timo"]
[Result "1/2-1/2"]
[WhiteElo "1965"]
[BlackElo "2075"]
[PlyCount "63"]
[EventDate "2016.09.17"]
[EventType "team-tourn"]
[EventRounds "7"]
[EventCountry "FIN"]
[SourceTitle "EXT 2019"]
[Source "ChessBase"]
[SourceDate "2018.10.10"]
[SourceVersion "1"]
[SourceVersionDate "2018.10.10"]
[SourceQuality "1"]
[WhiteTeam "Tampere Tammer II"]
[BlackTeam "Turku TuTS II"]
[WhiteTeamCountry "FIN"]
[BlackTeamCountry "FIN"]

1. d4 Nf6 2. c4 g6 3. Nc3 Bg7 4. e4 d6 5. Nf3 0-0 6. Be2 e5 7. 0-0 Nc6 8. d5 Ne7 9. b4 Nh5 10. c5 Nf4 11. Bc4 f5 12. Ng5 h6 13. Ne6 Nxe6 14. dxe6 fxe4 15. Be3 b5 16. Bb3 Bb7 17. cxd6 cxd6 18. Nd5 Bxd5 19. Bxd5 Nxd5 20. Qxd5 Qe7 21. Rfd1 Rfd8 22. Rac1 Bf8 23. Rc6 Kg7 24. Rdc1 Kf6 25. g4 Re8 26. Rc7 Qxe6 27. Qxe4 g5 28. R1c3 Be7 29. Qh7 Qxg4+ 30. Kh1 Qf3+ 31. Kg1 Qg4+ 32. Kh1 1/2-1/2

[Event "FIN-chT2 Gp1 1516"]
[Site "Finland"]
[Date "2016.03.12"]
[Round "6.5"]
[White "Vantsi, Timo"]
[Black "Nieminen, Markus"]
[Result "1/2-1/2"]
[WhiteElo "2081"]
[BlackElo "1985"]
[PlyCount "61"]
[EventDate "2015.09.12"]
[EventType "team-tourn"]
[EventRounds "6"]
[EventCountry "FIN"]
[SourceTitle "EXT 2017"]
[Source "ChessBase"]
[SourceDate "2016.10.25"]
[SourceVersion "1"]
[SourceVersionDate "2016.10.25"]
[SourceQuality "1"]
[WhiteTeam "Turku TuTS II"]
[BlackTeam "Turku SY"]
[WhiteTeamCountry "FIN"]
[BlackTeamCountry "FIN"]

1. d4 Nf6 2. c4 e6 3. Nc3 Bb4 4. e3 b6 5. Nge2 Ba6 6. a3 Bxc3+ 7. Nxc3 d5 8. b3 0-0 9. Bd3 c5 10. dxc5 bxc5 11. Qe2 Nc6 12. cxd5 Bxd3 13. Qxd3 exd5 14. 0-0 Qd7 15. Rd1 Rfd8 16. Bb2 Ne5 17. Qe2 Qe6 18. Na4 Rdc8 19. Rac1 c4 20. Bxe5 Qxe5 21. bxc4 dxc4 22. Rxc4 Rc7 23. Rcd4 g6 24. Qd3 Kg7 25. Nc3 Rb8 26. Nd5 Nxd5 27. Rxd5 Qc3 28. g3 Qxd3 29. R1xd3 Rb1+ 30. Rd1 Rxd1+ 31. Rxd1 1/2-1/2

[Event "Salo We SalSK"]
[Site "Salo"]
[Date "2011.??.??"]
[Round "1"]
[White "Vantsi, Timo"]
[Black "Ketola, Ville"]
[Result "0-1"]
[WhiteElo "2052"]
[BlackElo "2117"]
[PlyCount "122"]
[EventDate "2011.??.??"]
[EventType "swiss"]
[EventRounds "5"]
[EventCountry "FIN"]
[SourceTitle "EXT 2022"]
[Source "ChessBase"]
[SourceDate "2021.10.06"]
[SourceVersion "1"]
[SourceVersionDate "2021.10.06"]
[SourceQuality "1"]

1. d4 Nf6 2. c4 e5 3. dxe5 Ng4 4. Nf3 Nc6 5. Bg5 Be7 6. Bxe7 Qxe7 7. Nc3 Ngxe5 8. Nd5 Qd8 9. Nxe5 Nxe5 10. Qd4 f6 11. e3 d6 12. Be2 0-0 13. 0-0 Be6 14. Rad1 b6 15. Rd2 Re8 16. Rfd1 Qd7 17. b3 Rad8 18. Qf4 Qf7 19. Qh4 Ng6 20. Qg3 Bc8 21. Bd3 Ne5 22. Bc2 f5 23. Qg5 Ng4 24. Rd4 h6 25. Qf4 Ne5 26. Qg3 Re6 27. Kh1 Rg6 28. Qh4 Re8 29. h3 Rg5 30. f4 Rh5 31. Qg3 Nc6 32. R4d2 Kh8 33. Re1 Re6 34. Bd1 Ne7 35. Bxh5 Qxh5 36. Nxc7 Rg6 37. Qf2 Bb7 38. Nd5 Ng8 39. Rf1 Nf6 40. Qf3 Qh4 41. Qf2 Rg3 42. Qe1 Ne4 43. Re2 Qh5 44. Kh2 Rg6 45. Rf3 Nf6 46. Nxf6 Rxf6 47. Rff2 Rg6 48. Qd2 Qh4 49. Qd4 Qg3+ 50. Kg1 Qxh3 51. b4 Qg3 52. c5 Rg4 53. Qxd6 Be4 54. cxb6 Rh4 55. Qd8+ Kh7 56. Qxh4 Qxh4 57. bxa7 Qe7 58. Rb2 Qxa7 59. b5 Qxe3 60. b6 Bb7 61. Kf1 Qc1+ 0-1

[Event "Salo We SalSK"]
[Site "Salo"]
[Date "2011.??.??"]
[Round "3"]
[White "Vantsi, Timo"]
[Black "Koskinen, Veikko"]
[Result "1-0"]
[WhiteElo "2052"]
[BlackElo "1964"]
[PlyCount "53"]
[EventDate "2011.??.??"]
[EventType "swiss"]
[EventRounds "5"]
[EventCountry "FIN"]
[SourceTitle "EXT 2022"]
[Source "ChessBase"]
[SourceDate "2021.10.06"]
[SourceVersion "1"]
[SourceVersionDate "2021.10.06"]
[SourceQuality "1"]

1. d4 Nf6 2. c4 g6 3. Nc3 d5 4. cxd5 Nxd5 5. e4 Nxc3 6. bxc3 Bg7 7. Bc4 0-0 8. Ne2 c5 9. 0-0 Nc6 10. Be3 Qc7 11. Rc1 Rd8 12. Qd2 Na5 13. Bd3 b6 14. Bh6 e6 15. Bxg7 Kxg7 16. f4 f5 17. Qe3 Bb7 18. Ng3 Re8 19. h4 a6 20. h5 Qe7 21. hxg6 hxg6 22. Rce1 Nc6 23. exf5 cxd4 24. cxd4 Qf6 25. fxg6 Qxd4 26. f5 Qxe3+ 27. Rxe3 1-0